[Event "FISU World University KO"]
[Site "Tornelo INT"]
[Date "2020.10.29"]
[Round "1"]
[White "Ivekovic, Tihana"]
[Black "Pang, Bo"]
[Result "0-1"]
[WhiteElo "2127"]
[BlackElo "1429"]
[PlyCount "86"]
[EventDate "2020.10.29"]
[EventType "team-k.o. (rapid)"]
[EventRounds "4"]
[EventCountry "NET"]
[SourceTitle "CBM 199 Extra"]
[Source "ChessBase"]
[SourceDate "2021.01.31"]
[SourceVersion "1"]
[SourceVersionDate "2021.01.31"]
[SourceQuality "1"]
[WhiteTeam "Croatia"]
[BlackTeam "China IV"]
[WhiteTeamCountry "CRO"]
[BlackTeamCountry "CHN"]

1. d4 d5 2. c4 e6 3. Nf3 c6 4. g3 dxc4 5. Bg2 b5 6. a4 Bb7 7. Ne5 Qc8 8. 0-0 Nf6 9. b3 cxb3 10. Qxb3 b4 11. a5 c5 12. Qa4+ Nbd7 13. dxc5 Bxg2 14. Kxg2 Qxc5 15. Nxd7 Qd5+ 16. f3 Qxd7 17. Bd2 Rb8 18. Bf4 Rc8 19. Rd1 Qxa4 20. Rxa4 Be7 21. e4 0-0 22. Be3 a6 23. Bb6 Rc2+ 24. Kg1 Rfc8 25. Nd2 Rc1 26. Ra1 Rxa1 27. Rxa1 Nd7 28. Kf2 Kf8 29. Ke2 Rc2 30. Kd3 Rc3+ 31. Ke2 Bc5 32. Rb1 Be7 33. Ra1 e5 34. Ra2 Ke8 35. Rb2 f6 36. Nb1 Rc6 37. Be3 Rc8 38. Bd2 Rb8 39. Kd3 Nc5+ 40. Kc4 b3 41. Be3 Na4 42. Rxb3 Nb2+ 43. Kc3 Nd1+ 0-1

[Event "FISU World University KO"]
[Site "Tornelo INT"]
[Date "2020.10.29"]
[Round "2"]
[White "Pang, Bo"]
[Black "Chen, Qi B"]
[Result "1/2-1/2"]
[WhiteElo "1429"]
[BlackElo "2493"]
[PlyCount "62"]
[EventDate "2020.10.29"]
[EventType "team-k.o. (rapid)"]
[EventRounds "4"]
[EventCountry "NET"]
[SourceTitle "CBM 199 Extra"]
[Source "ChessBase"]
[SourceDate "2021.01.31"]
[SourceVersion "1"]
[SourceVersionDate "2021.01.31"]
[SourceQuality "1"]
[WhiteTeam "China IV"]
[BlackTeam "China"]
[WhiteTeamCountry "CHN"]
[BlackTeamCountry "CHN"]

1. d4 Nf6 2. Nf3 g6 3. c4 Bg7 4. Nc3 0-0 5. e4 d6 6. Be2 e5 7. d5 a5 8. 0-0 Na6 9. Be3 b6 10. Nd2 Kh8 11. a3 Bd7 12. Rb1 Ng8 13. b4 Bh6 14. Bxh6 Nxh6 15. c5 axb4 16. axb4 bxc5 17. Bxa6 Rxa6 18. bxc5 dxc5 19. Nb3 Qe7 20. Qd3 Rb6 21. Qe3 Ng8 22. Nxc5 Rfb8 23. d6 Qe8 24. dxc7 Rxb1 25. cxb8Q Rxb8 26. Nxd7 Qxd7 27. Nd5 Qe6 28. h3 Nf6 29. Nxf6 Qxf6 30. Rd1 Rd8 31. Rxd8+ Qxd8 1/2-1/2

[Event "FISU World University"]
[Site "Tornelo INT"]
[Date "2020.10.27"]
[Round "4.6"]
[White "Alfonso Ruisanchez, Laritza"]
[Black "Pang, Bo"]
[Result "0-1"]
[WhiteElo "2108"]
[BlackElo "1429"]
[PlyCount "86"]
[EventDate "2020.10.26"]
[EventType "team-swiss (rapid)"]
[EventRounds "9"]
[EventCountry "NET"]
[SourceTitle "CBM 199 Extra"]
[Source "ChessBase"]
[SourceDate "2021.01.31"]
[SourceVersion "1"]
[SourceVersionDate "2021.01.31"]
[SourceQuality "1"]
[WhiteTeam "Cuba"]
[BlackTeam "China IV"]
[WhiteTeamCountry "CUB"]
[BlackTeamCountry "CHN"]

1. e4 c5 2. Nf3 Nc6 3. d4 cxd4 4. Nxd4 Nf6 5. Nc3 d6 6. Bg5 a6 7. Qd2 e6 8. 0-0-0 Bd7 9. f4 b5 10. e5 dxe5 11. Nxc6 Bxc6 12. Qxd8+ Rxd8 13. Rxd8+ Kxd8 14. fxe5 h6 15. Bh4 g5 16. exf6 gxh4 17. h3 Rg8 18. a4 b4 19. Nd1 Bc5 20. a5 Bb7 21. c3 Rg6 22. Be2 Rxf6 23. Rf1 Ke7 24. Bf3 Bxf3 25. Rxf3 Rxf3 26. gxf3 Kf6 27. Kd2 Kf5 28. Ke2 Kf4 29. Nf2 bxc3 30. bxc3 Be7 31. Ng4 h5 32. Ne3 Kg3 33. Nf1+ Kxh3 34. f4 Kg4 35. Ke3 f5 36. Nh2+ Kg3 37. Nf3 h3 38. c4 h2 39. Nxh2 Kxh2 40. Kf3 h4 41. Kf2 h3 42. Kf3 Kg1 43. Ke3 h2 0-1

[Event "FISU World University"]
[Site "Tornelo INT"]
[Date "2020.10.26"]
[Round "2.12"]
[White "Librelato, Kathie Goulart"]
[Black "Pang, Bo"]
[Result "0-1"]
[WhiteElo "2165"]
[BlackElo "1429"]
[PlyCount "66"]
[EventDate "2020.10.26"]
[EventType "team-swiss (rapid)"]
[EventRounds "9"]
[EventCountry "NET"]
[SourceTitle "CBM 199 Extra"]
[Source "ChessBase"]
[SourceDate "2021.01.31"]
[SourceVersion "1"]
[SourceVersionDate "2021.01.31"]
[SourceQuality "1"]
[WhiteTeam "Brazil"]
[BlackTeam "China IV"]
[WhiteTeamCountry "BRA"]
[BlackTeamCountry "CHN"]

1. e4 c5 2. Nf3 Nc6 3. d4 cxd4 4. Nxd4 Nf6 5. Nc3 d6 6. Be2 e5 7. Nb3 Be7 8. 0-0 0-0 9. Bg5 Nxe4 10. Bxe7 Nxc3 11. Bxd8 Nxd1 12. Bc7 Nxb2 13. Rab1 Na4 14. Bf3 Nc3 15. Ra1 e4 16. Bd1 Nb5 17. Ba5 Nxa5 18. Nxa5 Nc3 19. Re1 d5 20. Nb3 Be6 21. a4 Rfc8 22. Nd4 Bd7 23. Ra3 Rc4 24. Nb5 Nxa4 25. Be2 Rxc2 26. Bf1 Bxb5 27. Bxb5 Nc3 28. Bf1 b5 29. f3 b4 30. Ra6 f5 31. Rea1 b3 32. Rxa7 Rxa7 33. Rxa7 b2 0-1

[Event "Hong Kong-ch prel"]
[Site "Hong Kong"]
[Date "2018.03.05"]
[Round "8"]
[White "Pang, Bo"]
[Black "Iyer, Neel"]
[Result "1/2-1/2"]
[WhiteElo "1343"]
[BlackElo "1483"]
[PlyCount "62"]
[EventDate "2018.01.08"]
[EventType "swiss"]
[EventRounds "11"]
[EventCountry "HKG"]
[SourceTitle "EXT 2019"]
[Source "ChessBase"]
[SourceDate "2018.10.10"]
[SourceVersion "1"]
[SourceVersionDate "2018.10.10"]
[SourceQuality "1"]

1. e4 e6 2. d4 d5 3. Nd2 c5 4. c3 Nc6 5. Ngf3 Qb6 6. Qb3 Nf6 7. Qxb6 axb6 8. e5 Nd7 9. Be2 Be7 10. 0-0 0-0 11. a3 f6 12. exf6 Bxf6 13. Nb3 c4 14. Nbd2 b5 15. Rb1 Be7 16. Re1 e5 17. dxe5 Ndxe5 18. Nxe5 Nxe5 19. Nf3 Nc6 20. Nd4 Nxd4 21. cxd4 Bd6 22. Bf3 Rf5 23. Re3 Bd7 24. g4 Rf6 25. Bxd5+ Kh8 26. Bxb7 Raf8 27. f3 Bxg4 28. Kg2 Bf5 29. Be4 Bxe4 30. Rxe4 Rxf3 31. Be3 R3f6 1/2-1/2

[Event "Hong Kong-ch prel"]
[Site "Hong Kong"]
[Date "2018.02.05"]
[Round "5"]
[White "Pang, Bo"]
[Black "Lai, Sai Wing"]
[Result "0-1"]
[WhiteElo "1343"]
[BlackElo "1842"]
[PlyCount "130"]
[EventDate "2018.01.08"]
[EventType "swiss"]
[EventRounds "11"]
[EventCountry "HKG"]
[SourceTitle "EXT 2019"]
[Source "ChessBase"]
[SourceDate "2018.10.10"]
[SourceVersion "1"]
[SourceVersionDate "2018.10.10"]
[SourceQuality "1"]

1. e4 d6 2. d4 Nf6 3. Nd2 g6 4. Ngf3 Bg7 5. Bd3 0-0 6. 0-0 Nbd7 7. c3 e5 8. Nb3 d5 9. Re1 dxe4 10. Bxe4 Nxe4 11. Rxe4 exd4 12. Nbxd4 Nf6 13. Re1 c5 14. Nb3 Qc7 15. Be3 b6 16. Qc2 Bb7 17. Nfd2 Rae8 18. Bg5 Ng4 19. g3 Qc6 20. f3 Ne5 21. Rf1 h6 22. Bf4 g5 23. Bxe5 Rxe5 24. Rae1 Rfe8 25. Re4 f5 26. Rxe5 Rxe5 27. Nc4 Rd5 28. Ne3 Re5 29. Nc4 Rd5 30. Ne3 Re5 31. Nc4 Re8 32. Qxf5 Qd5 33. Qxd5+ Bxd5 34. Ncd2 a5 35. a3 a4 36. Nc1 Bc6 37. f4 g4 38. Kf2 Rd8 39. Ke1 b5 40. Kd1 b4 41. Kc2 b3+ 42. Kd1 Bxc3 43. bxc3 b2 44. Nd3 Rxd3 45. Kc2 Rxd2+ 46. Kxd2 Be4 47. Ke3 b1Q 48. Rxb1 Bxb1 49. Kf2 Kf7 50. Kg2 Ke6 51. h4 Kd5 52. Kf2 Bf5 53. Ke3 Kc4 54. Kd2 Kb3 55. h5 Kxa3 56. Kc1 Kb3 57. c4 a3 58. Kd2 a2 59. Ke3 a1Q 60. Kd2 Qc3+ 61. Ke2 Kxc4 62. Kd1 Qb2 63. Ke1 Bd3 64. Kd1 Qc2+ 65. Ke1 Qe2# 0-1

[Event "Hong Kong Jolimark op"]
[Site "Hong Kong"]
[Date "2017.12.23"]
[Round "1"]
[White "Nouri, Alekhine"]
[Black "Pang, Bo"]
[Result "1-0"]
[WhiteElo "2043"]
[BlackElo "1259"]
[PlyCount "143"]
[EventDate "2017.12.23"]
[EventType "swiss"]
[EventRounds "9"]
[EventCountry "HKG"]
[SourceTitle "CBM 182 Extra"]
[Source "ChessBase"]
[SourceDate "2018.02.23"]
[SourceVersion "1"]
[SourceVersionDate "2018.02.23"]
[SourceQuality "1"]

1. d4 d5 2. Nf3 c6 3. Bf4 Nf6 4. e3 Bf5 5. c4 e6 6. c5 Nbd7 7. Nc3 Be7 8. Be2 0-0 9. 0-0 b6 10. b4 a5 11. a3 h6 12. Re1 Re8 13. Bd3 Nf8 14. Ne5 Qc8 15. Bxf5 exf5 16. Na4 N8d7 17. Qc2 b5 18. Nb6 Nxb6 19. cxb6 axb4 20. Qxc6 Qxc6 21. Nxc6 Ra6 22. Nxe7+ Rxe7 23. Bc7 bxa3 24. b7 Nd7 25. Reb1 Nb8 26. Bxb8 Rxb7 27. Bg3 b4 28. Rb3 a2 29. h3 Kf8 30. f3 Ke7 31. Be1 Ra4 32. Kf2 Kd7 33. Ke2 Kc6 34. Kd3 Kb5 35. Kc2 Kc4 36. Kb2 Rba7 37. Rc1+ Kb5 38. Ka1 Rb7 39. Rc5+ Ka6 40. Rc2 Kb5 41. Rxa2 Rxa2+ 42. Kxa2 Kc4 43. Kb2 Rb8 44. Bg3 Ra8 45. Bd6 Ra4 46. g4 fxg4 47. fxg4 g6 48. Bf8 h5 49. g5 Kb5 50. h4 Kc4 51. Bc5 Kb5 52. Kc2 Kc4 53. Rb2 Kb5 54. Kd3 Ra3+ 55. Ke2 Ra4 56. Kf3 Kc4 57. Rxb4+ Rxb4 58. Bxb4 Kxb4 59. Kf4 Kc3 60. Ke5 Kc4 61. Kd6 Kd3 62. Kxd5 Kxe3 63. Ke5 Kf3 64. d5 Kg4 65. d6 Kxh4 66. Kf4 Kh3 67. d7 h4 68. d8Q Kh2 69. Qd2+ Kg1 70. Kf3 h3 71. Kg3 f5 72. Qd1# 1-0

[Event "Hong Kong-chT"]
[Site "Hong Kong"]
[Date "2017.05.15"]
[Round "5.2"]
[White "Pang, Bo"]
[Black "Yu, Peter"]
[Result "0-1"]
[WhiteElo "1254"]
[BlackElo "2247"]
[PlyCount "98"]
[EventDate "2017.04.03"]
[EventType "team-swiss"]
[EventRounds "7"]
[EventCountry "HKG"]
[SourceTitle "CBM 178 Extra"]
[Source "ChessBase"]
[SourceDate "2017.06.22"]
[SourceVersion "1"]
[SourceVersionDate "2017.06.22"]
[SourceQuality "1"]
[WhiteTeam "Pang & Kadam"]
[BlackTeam "Team Yu"]
[WhiteTeamCountry "HKG"]
[BlackTeamCountry "HKG"]

1. e4 e6 2. d4 d5 3. Nd2 c5 4. c3 Nc6 5. Ngf3 cxd4 6. cxd4 dxe4 7. Nxe4 Nf6 8. Bd3 Bb4+ 9. Nc3 Qa5 10. Bd2 Nd5 11. Ne4 Bxd2+ 12. Qxd2 Qxd2+ 13. Kxd2 0-0 14. Rac1 Rd8 15. a3 Nf4 16. g3 Nxd3 17. Kxd3 e5 18. Rc5 exd4 19. b4 a6 20. Re1 Bg4 21. Nh4 Rac8 22. f3 Be6 23. Ng5 b6 24. Rc2 Bb3 25. Rb2 Ba4 26. Nf5 h6 27. Nh3 Re8 28. Rxe8+ Rxe8 29. f4 Bb5+ 30. Kc2 Re2+ 31. Kc1 Re1+ 32. Kd2 Rh1 33. Kc2 Rxh2+ 34. Kb1 Rxh3 35. Rd2 d3 36. g4 g6 37. Nd6 Ba4 38. Nc4 b5 39. Nb2 Bc2+ 40. Ka2 Nd4 41. Nd1 Nb3 42. Nf2 Rh2 43. Ne4 Nxd2 44. Nf6+ Kg7 45. Ne8+ Kf8 46. Nf6 Ba4 47. Kb2 Ne4+ 48. Kc1 d2+ 49. Kb2 d1Q# 0-1

[Event "Hong Kong-ch prel"]
[Site "Hong Kong"]
[Date "2017.03.06"]
[Round "8"]
[White "Pang, Bo"]
[Black "Desrosiers, Cyrano"]
[Result "1-0"]
[WhiteElo "1125"]
[BlackElo "1367"]
[PlyCount "67"]
[EventDate "2017.01.09"]
[EventType "swiss"]
[EventRounds "11"]
[EventCountry "HKG"]
[SourceTitle "EXT 2018"]
[Source "ChessBase"]
[SourceDate "2017.10.13"]
[SourceVersion "1"]
[SourceVersionDate "2017.10.13"]
[SourceQuality "1"]

1. e4 c5 2. Nf3 d6 3. d4 cxd4 4. Nxd4 Nf6 5. Nc3 g6 6. Be3 Bg7 7. f3 Nc6 8. Qd2 0-0 9. 0-0-0 a6 10. g4 b5 11. Nxc6 Qd7 12. Nd4 d5 13. exd5 Nxd5 14. Nde2 Bb7 15. Nxd5 Qe6 16. Nef4 Qe5 17. c3 Rad8 18. Bd4 Rxd5 19. Nxd5 Qxd5 20. Bxg7 Qxd2+ 21. Rxd2 Kxg7 22. Be2 f5 23. Rf1 f4 24. Rd7 Bc6 25. Rxe7+ Kf6 26. Rxh7 g5 27. Rh6+ Ke7 28. Rxc6 Ra8 29. Rg6 Ra7 30. Rg7+ Kf6 31. Rxa7 Ke5 32. Rxa6 Kd5 33. Rd1+ Kc5 34. b4# 1-0